000 00430nam a2200157Ia 4500
008 240729s9999 xx 000 0 und d
245 0 _aPolimery
260 _aPoland
260 _bIndustrial Chemistry Institute
650 _a Chemical technology
650 _a Polymers and polymer manufacture
650 _aTechnology
856 _uhttps://doaj.org/toc/807ed2b746bd4789bd4b550293bc37a4
942 _2ddc
942 _cDOAJEJ
999 _c73535
_d73535
945 _a1
_bMadushi Gamage
_c1
_dMadushi Gamage